| 000 | 00388 a2200169 4500 | ||
|---|---|---|---|
| 001 | 73486 | ||
| 020 | _a857302335-X | ||
| 040 | _cAnchieta - Colégio São Paulo | ||
| 100 | _aCoelho, Paulo | ||
| 240 | 1 | 0 |
_aO Demônio e a Srta. Prym _lpor |
| 245 | 1 | 0 | _aO Demônio e a Srta. Prym |
| 300 | _a213 | ||
| 362 | 0 | _a2000 | |
| 440 | 1 | _aObjetiva | |
| 650 | 4 | _aFicção brasileira | |
| 942 | _cBK | ||
| 999 |
_c73486 _d73486 |
||